000 00220nam a22000857a 4500
008 161202b xxu||||| |||| 00| 0 eng d
100 _91721
_aMathur.S.
245 _aHome science cookery books
260 _aNEW DELHI
_bM.V.
_c2011
999 _c4433
_d4433